=LDR 00000nam 2200000 4500 =001 INLIS000000000007366 =005 20251202111124 =035 ##$$a 0010-1225000019 =007 ta =008 251202###########################0###### =020 ##$$a 979-3469-72-2 =082 ##$$a 025.17 =084 ##$$a 025.17 AGU m =100 #$$a Agus Sugiarto =245 1#$$a Manajemen kearsipan modern : $b dari konvensional ke basis komputer /$c Agus Sugiarto, Teguh Wahyono =250 ##$$a Cet. 1 =260 ##$$a Yogyakarta :$b Gava Media,$c 2005 =300 ##$$a x; 222 hlm. : $b ilus. ; $c 20 cm. =650 #4$$a Arsip =700 #$$a Teguh Wahyono